000
00326nam a2200145Ia 4500
100
_a
Gandhi/Meeta & Others
250
_a
1
942
_c
BK
654
_a
The C Odgessey
245
_a
Vijay Mukhis;The C Odgssey C++ & Graphics
260
_b
B.P.B Pub.
_a
NEW DELHI
_c
1992
300
_a
479
546
_a
ENGLISH
999
_c
30363
_d
30363